000 00721nam a2200241Ia 4500
003 OSt
005 20220926005939.0
006 a|||||r|||| 00| 0
007 ta
008 220923b |||||||| |||| 00| 0 eng d
037 _cGeneral Book
040 _aRTL
_cRTL
_beng
041 _2eng
_aeng
082 _aX:99T:(y15).2.N7, L^ GD
110 _aINDIA, LABOUR (Ministry of--)
245 0 _aCarrers for women .Rev Ed.2nd.
260 _a New Delhi
_bThe Controller of Publications
_c1976
300 _aiii,61p
_ccm.
500 _aCarreers information series no. 7
700 _aINDIA, LABOUR (Ministry of--)
942 _hX:99T:(y15).2.N7, L^ GD
_cGB
_2CC
999 _c615857
_d615857